000 00276nam a2200121Ia 4500
008 190216s9999||||xx |||||||||||||| ||und||
100 _aSeth M L
245 0 _aMacro Economics
260 _bLekshmi Narayan Agarwal
_c1981
300 _a636
650 _aEconomics
942 _cBK
999 _c10170
_d10170